[Event "Oberfranken-ch"]
[Site "Schney"]
[Date "2019.01.04"]
[Round "3"]
[White "Koedel, Christian"]
[Black "Schwarzmann, Tobias"]
[Result "1/2-1/2"]
[WhiteElo "1684"]
[BlackElo "1981"]
[PlyCount "92"]
[EventDate "2019.01.03"]
[EventType "swiss"]
[EventRounds "7"]
[EventCountry "GER"]
[SourceTitle "CBM 188 Extra"]
[Source "ChessBase"]
[SourceDate "2019.02.26"]
[SourceVersion "1"]
[SourceVersionDate "2019.02.26"]
[SourceQuality "1"]

1. f4 c5 2. Nf3 Nc6 3. e3 d5 4. d4 e6 5. c3 Bd6 6. Bd3 Qc7 7. Ne5 Nf6 8. 0-0 0-0 9. Nd2 b6 10. Qe1 Ne8 11. Qh4 g6 12. Qh6 f6 13. Nxc6 Qxc6 14. Nf3 Qc7 15. Bd2 Qg7 16. Qxg7+ Kxg7 17. Rae1 Nc7 18. e4 dxe4 19. Rxe4 Bb7 20. Re2 Rae8 21. Rfe1 cxd4 22. Nxd4 e5 23. fxe5 Bxe5 24. Nf3 Bd6 25. Rxe8 Rxe8 26. Rxe8 Nxe8 27. Bc4 Nc7 28. h3 Be4 29. Nd4 h5 30. Ne6+ Nxe6 31. Bxe6 Bc5+ 32. Kh2 h4 33. g4 hxg3+ 34. Kxg3 g5 35. h4 gxh4+ 36. Kxh4 Kg6 37. Bf4 Bf2+ 38. Kh3 a5 39. Kg4 f5+ 40. Kh3 Kf6 41. Bc4 Ke7 42. Kh2 Kd7 43. Bb5+ Ke6 44. a4 Bc5 45. Kg3 Bd5 46. Bc7 Bb3 1/2-1/2

[Event "Oberfranken-ch"]
[Site "Schney"]
[Date "2019.01.03"]
[Round "2"]
[White "Schwarzmann, Tobias"]
[Black "Michalek, Michal"]
[Result "0-1"]
[WhiteElo "1981"]
[BlackElo "2129"]
[PlyCount "102"]
[EventDate "2019.01.03"]
[EventType "swiss"]
[EventRounds "7"]
[EventCountry "GER"]
[SourceTitle "CBM 188 Extra"]
[Source "ChessBase"]
[SourceDate "2019.02.26"]
[SourceVersion "1"]
[SourceVersionDate "2019.02.26"]
[SourceQuality "1"]

1. c4 c5 2. Nc3 Nc6 3. Nf3 g6 4. g3 Bg7 5. Bg2 e6 6. 0-0 Nge7 7. d3 0-0 8. Bg5 h6 9. Bxe7 Qxe7 10. e3 Rd8 11. a3 d5 12. Qc2 d4 13. Ne2 e5 14. e4 h5 15. h3 Bh6 16. Nd2 h4 17. g4 Bxd2 18. Qxd2 g5 19. Bf3 Rb8 20. Rfb1 b5 21. b3 Be6 22. Kg2 Rb6 23. Ng1 bxc4 24. bxc4 Rdb8 25. Rxb6 Rxb6 26. Bd1 f6 27. Nf3 Nd8 28. Qc1 Bd7 29. Rb1 Ne6 30. Ne1 Nf4+ 31. Kh2 Qd8 32. Rb2 Qb8 33. Ra2 Rb1 34. Qd2 Kg7 35. Nf3 Ne6 36. Ne1 Qb7 37. Qc2 Rb6 38. Ng2 Qa6 39. Kg1 Qa5 40. Kf1 Qc3 41. Ke2 Ra6 42. Qb3 Rb6 43. Qc2 Kg6 44. Kf1 Ra6 45. Qb3 Ba4 46. Qxc3 dxc3 47. Bxa4 Rxa4 48. Ne3 Nf4 49. Nd5 Nxd3 50. Nxc3 Rxc4 51. Nb5 Nf4 0-1

[Event "Oberfranken-ch"]
[Site "Schney"]
[Date "2019.01.03"]
[Round "1"]
[White "Wolf, Alfred1111"]
[Black "Schwarzmann, Tobias"]
[Result "0-1"]
[WhiteElo "1601"]
[BlackElo "1981"]
[PlyCount "80"]
[EventDate "2019.01.03"]
[EventType "swiss"]
[EventRounds "7"]
[EventCountry "GER"]
[SourceTitle "CBM 188 Extra"]
[Source "ChessBase"]
[SourceDate "2019.02.26"]
[SourceVersion "1"]
[SourceVersionDate "2019.02.26"]
[SourceQuality "1"]

1. e4 c5 2. Nf3 Nc6 3. Nc3 a6 4. d4 cxd4 5. Nxd4 d6 6. Bc4 Nf6 7. 0-0 g6 8. Nxc6 bxc6 9. Bg5 Bg7 10. Qd2 0-0 11. Bh6 Qa5 12. Bxg7 Kxg7 13. a3 Bb7 14. b4 Qc7 15. Bb3 a5 16. f3 axb4 17. axb4 Qb6+ 18. Qf2 Qxb4 19. Ne2 Nd7 20. Qd4+ Qxd4+ 21. Nxd4 Nc5 22. Bc4 d5 23. exd5 cxd5 24. Bd3 e5 25. Nb5 Bc6 26. Nc3 Rfb8 27. Rab1 Rxb1 28. Rxb1 Nxd3 29. cxd3 Ra3 30. Rc1 d4 31. Nb1 Ra1 32. Kf1 Ba4 33. Re1 Bc2 34. Nd2 Bxd3+ 35. Kf2 Ra2 36. Rd1 Bb5 37. Kg3 Ba4 38. Re1 Rxd2 39. Rxe5 d3 40. Rd5 Bc2 0-1

[Event "Regionalliga Nord-West 1819"]
[Site "Bayern"]
[Date "2018.11.25"]
[Round "3.4"]
[White "Schwarzmann, Tobias"]
[Black "Gebhardt, Christian"]
[Result "1-0"]
[WhiteElo "1903"]
[BlackElo "1861"]
[PlyCount "58"]
[EventDate "2018.10.21"]
[EventType "team-tourn"]
[EventRounds "9"]
[EventCountry "GER"]
[SourceTitle "EXT 2022"]
[Source "ChessBase"]
[SourceDate "2021.10.06"]
[SourceVersion "1"]
[SourceVersionDate "2021.10.06"]
[SourceQuality "1"]
[WhiteTeam "Hoechstadt/Aisch"]
[BlackTeam "Seubelsdorf"]
[WhiteTeamCountry "GER"]
[BlackTeamCountry "GER"]

1. e4 e6 2. d4 d5 3. Nd2 Nf6 4. e5 Nfd7 5. Ngf3 c5 6. c3 Nc6 7. Nb3 c4 8. Nbd2 b5 9. a3 a5 10. b3 a4 11. b4 f6 12. exf6 gxf6 13. Nh4 Qe7 14. Qh5+ Qf7 15. Qxf7+ Kxf7 16. Ndf3 Be7 17. g3 e5 18. Nf5 Re8 19. Be3 Nf8 20. Nxe7 Rxe7 21. 0-0-0 exd4 22. Nxd4 Nxd4 23. Rxd4 Ne6 24. Rh4 Kg6 25. Bg2 Bb7 26. Re1 Rae8 27. Bf3 Kg7 28. Bh5 Rd8 29. Bd4 Rdd7 1-0

[Event "Regionalliga Nord-West 1718"]
[Site "Bayern"]
[Date "2017.10.22"]
[Round "1.3"]
[White "Schwarzmann, Tobias"]
[Black "Weck, Hans"]
[Result "1/2-1/2"]
[WhiteElo "1944"]
[BlackElo "1922"]
[PlyCount "66"]
[EventDate "2017.10.22"]
[EventType "team-tourn"]
[EventRounds "9"]
[EventCountry "GER"]
[SourceTitle "EXT 2022"]
[Source "ChessBase"]
[SourceDate "2021.10.06"]
[SourceVersion "1"]
[SourceVersionDate "2021.10.06"]
[SourceQuality "1"]
[WhiteTeam "Hoechstadt/Aisch"]
[BlackTeam "Bad Neustadt"]
[WhiteTeamCountry "GER"]
[BlackTeamCountry "GER"]

1. c4 c6 2. Nf3 d5 3. cxd5 cxd5 4. d4 Nc6 5. Nc3 Nf6 6. Bf4 Bf5 7. Qb3 Na5 8. Qa4+ Bd7 9. Qc2 Rc8 10. Ne5 e6 11. a3 Qb6 12. Nxd7 Kxd7 13. e3 Qb3 14. Qd2 a6 15. Bd3 Nc4 16. Bxc4 Rxc4 17. 0-0 Be7 18. f3 Rhc8 19. Bg3 Ke8 20. Qe2 Kf8 21. Rfd1 Qb6 22. Rd2 Qc6 23. Qd3 b5 24. Be1 g6 25. Re2 a5 26. Nd1 Qb6 27. g3 Kg7 28. Kf1 b4 29. axb4 axb4 30. b3 R4c6 31. Rea2 Bd6 32. Bd2 h5 33. e4 Bf8 1/2-1/2

[Event "Oberfranken-ch"]
[Site "Schney"]
[Date "2017.01.04"]
[Round "3"]
[White "Schwarzmann, Tobias"]
[Black "Reuss, Michael"]
[Result "1-0"]
[WhiteElo "1995"]
[BlackElo "1700"]
[PlyCount "49"]
[EventDate "2017.01.03"]
[EventType "swiss"]
[EventRounds "7"]
[EventCountry "GER"]
[SourceTitle "CBM 176 Extra"]
[Source "ChessBase"]
[SourceDate "2017.03.02"]
[SourceVersion "1"]
[SourceVersionDate "2017.03.02"]
[SourceQuality "1"]

1. c4 Nf6 2. Nc3 e6 3. d4 d5 4. Bg5 Nbd7 5. e3 c6 6. Nf3 Qa5 7. Bxf6 Nxf6 8. Nd2 Bb4 9. Qc2 a6 10. c5 Bxc3 11. Qxc3 Qxc3 12. bxc3 Rb8 13. Rb1 Nd7 14. c4 b5 15. cxb6 Rxb6 16. Rxb6 Nxb6 17. c5 Na4 18. Nb3 Nc3 19. Bd3 Nxa2 20. Kd2 Nb4 21. Be2 Kd7 22. Ra1 Bb7 23. Kc3 a5 24. Rxa5 Rb8 25. Ra4 1-0

[Event "Oberfranken-ch"]
[Site "Schney"]
[Date "2016.01.03"]
[Round "2"]
[White "Schwarzmann, Tobias"]
[Black "Michalek, Michal"]
[Result "1/2-1/2"]
[WhiteElo "1990"]
[BlackElo "2138"]
[PlyCount "37"]
[EventDate "2016.01.03"]
[EventType "swiss"]
[EventRounds "7"]
[EventCountry "GER"]
[SourceTitle "CBM 170 Extra"]
[Source "ChessBase"]
[SourceDate "2016.02.25"]
[SourceVersion "1"]
[SourceVersionDate "2016.02.25"]
[SourceQuality "1"]

1. d4 Nf6 2. Nf3 d5 3. Bf4 c5 4. c3 Qb6 5. Qc2 Nc6 6. e3 g6 7. dxc5 Qxc5 8. Bd3 Bg7 9. 0-0 0-0 10. Nbd2 Re8 11. e4 dxe4 12. Nxe4 Nxe4 13. Bxe4 e5 14. Be3 Qe7 15. Rad1 Be6 16. Ng5 Bc4 17. Bd5 Bxd5 18. Rxd5 Rad8 19. Rfd1 1/2-1/2

[Event "Regionalliga NW 1516"]
[Site "Bayern"]
[Date "2015.10.11"]
[Round "1.5"]
[White "Demar, Stefan"]
[Black "Schwarzmann, Tobias"]
[Result "1-0"]
[WhiteElo "1759"]
[BlackElo "1905"]
[PlyCount "107"]
[EventDate "2015.10.11"]
[EventType "team-tourn"]
[EventRounds "9"]
[EventCountry "GER"]
[SourceTitle "EXT 2018"]
[Source "ChessBase"]
[SourceDate "2017.10.13"]
[SourceVersion "1"]
[SourceVersionDate "2017.10.13"]
[SourceQuality "1"]
[WhiteTeam "Bad Koenigshofen"]
[BlackTeam "Hoechstadt/Aisch"]
[WhiteTeamCountry "GER"]
[BlackTeamCountry "GER"]

1. d4 d5 2. Bf4 Nf6 3. Nf3 e6 4. e3 Bd6 5. Bxd6 cxd6 6. c4 0-0 7. Nc3 dxc4 8. Bxc4 d5 9. Bd3 Nc6 10. 0-0 Ne8 11. Na4 f5 12. Nc5 Nd6 13. Rc1 Ne4 14. Bb5 Ne7 15. Ne5 Rf6 16. Qc2 b6 17. Ncd3 Nd6 18. Ba4 Ba6 19. Rfd1 Rc8 20. Qb1 Bxd3 21. Qxd3 f4 22. exf4 Rxf4 23. g3 Rf6 24. Re1 Rc7 25. Rxc7 Qxc7 26. Bc2 g6 27. Ng4 Rf8 28. Rxe6 Nef5 29. Nf6+ Rxf6 30. Rxf6 Qe7 31. Rxd6 Qxd6 32. Qc3 Ne7 33. Bb3 Kg7 34. Kg2 Qc6 35. Qe3 Nf5 36. Qe5+ Qf6 37. Bxd5 Nxd4 38. Qc7+ Kh6 39. Qxa7 g5 40. a4 g4 41. a5 bxa5 42. Qxa5 Nf3 43. Qc3 Ne5 44. b4 Qf5 45. Qe3+ Kg7 46. Be4 Qh5 47. Qa7+ Nf7 48. Qd4+ Ne5 49. Qd5 Qh3+ 50. Kg1 Qh5 51. b5 Qe8 52. b6 h5 53. b7 h4 54. gxh4 1-0

[Event "Oberfranken-ch"]
[Site "Schney"]
[Date "2015.01.06"]
[Round "7"]
[White "Hassa, Marcus"]
[Black "Schwarzmann, Tobias"]
[Result "1-0"]
[WhiteElo "1892"]
[BlackElo "2008"]
[PlyCount "85"]
[EventDate "2015.01.03"]
[EventType "swiss"]
[EventRounds "7"]
[EventCountry "GER"]
[SourceTitle "CBM 164 Extra"]
[Source "ChessBase"]
[SourceDate "2015.03.02"]
[SourceVersion "1"]
[SourceVersionDate "2015.03.02"]
[SourceQuality "1"]

1. e4 e5 2. Nf3 Nc6 3. Bc4 d6 4. h3 h6 5. 0-0 Nf6 6. Re1 Be7 7. c3 0-0 8. Bb3 Na5 9. Bc2 Be6 10. d4 exd4 11. cxd4 c5 12. d5 Bd7 13. b3 b6 14. Bb2 Ne8 15. Qd3 g6 16. Nbd2 Bf6 17. e5 Bf5 18. Ne4 Bg7 19. g4 Bxe4 20. Qxe4 dxe5 21. Bxe5 Nf6 22. Bxf6 Bxf6 23. Ne5 Bxe5 24. Qxe5 Re8 25. Qf4 Kg7 26. d6 Qf6 27. Qd2 Nb7 28. d7 Rad8 29. dxe8Q Rxd2 30. Qe5 Rxc2 31. a3 Qxe5 32. Rxe5 Na5 33. b4 Nb3 34. Rd1 Ra2 35. bxc5 Nxc5 36. Re3 g5 37. Rd8 Rb2 38. Ra8 a5 39. Ra7 Rb3 40. Rxb3 Nxb3 41. Rb7 Nd2 42. Rxb6 Nc4 43. Rb3 1-0

[Event "Oberfranken-ch"]
[Site "Schney"]
[Date "2015.01.03"]
[Round "2"]
[White "Schwarzmann, Tobias"]
[Black "Malzer, Werner"]
[Result "1-0"]
[WhiteElo "2008"]
[BlackElo "1906"]
[PlyCount "47"]
[EventDate "2015.01.03"]
[EventType "swiss"]
[EventRounds "7"]
[EventCountry "GER"]
[SourceTitle "CBM 164 Extra"]
[Source "ChessBase"]
[SourceDate "2015.03.02"]
[SourceVersion "1"]
[SourceVersionDate "2015.03.02"]
[SourceQuality "1"]

1. d4 d5 2. Nf3 Nf6 3. c4 e6 4. e3 Be7 5. Nc3 0-0 6. Be2 dxc4 7. Bxc4 b6 8. 0-0 Ba6 9. b3 Bxc4 10. bxc4 c5 11. d5 exd5 12. cxd5 Ne8 13. e4 f6 14. Bf4 Bd6 15. Bxd6 Nxd6 16. Nd2 Nd7 17. a4 a6 18. Qb3 Kh8 19. f4 Re8 20. Rae1 b5 21. axb5 axb5 22. Nxb5 Rb8 23. Nxd6 Rxb3 24. Nf7+ 1-0